Logo BPK

Biblioteka

Politechniki Koszalińskiej

Entry Tests : (Rekord nr 48728)

Szczegóły MARC
000 -ETYKIETA REKORDU
podpole kontrolne o stałej długości 00626nam a2200193 i 4500
001 - NUMER KONTROLNY REKORDU
pole kontrolne bgj
020 ## - MIĘDZYNARODOWY ZNORMALIZOWANY NUMER KSIĄŻKI - ISBN
ISBN 1843251043
040 ## - ŹRÓDŁO KATALOGOWANIA
Instytucja, która utworzyła rekord BPK
041 0# - KOD JĘZYKA
Kod języka tekstu eng
920 ## - Międzynarodowy znormalizowany numer książki – ISBN
ISBN 1-84325-104-3
008 - POLE O STAŁEJ DŁUGOŚCI - DANE KONTROLNE
podpole kontrolne o stałej długości s uk f |000 0 eng
100 1# - NAZWA OSOBOWA
Nazwa osobowa EVANS, Virginia
245 10 - TYTUŁ/ODPOWIEDZIALNOŚĆ
Tytuł Entry Tests :
Ciąg dalszy tytułu for the revised Cambridge Proficiency Examination : teacher's book /
Pozostałe elementy strefy tytułu i oznaczenia odpowiedzialności Virginia Evans.
260 ## - STREFA ADRESU WYDAWNICZEGO
Miejsce wydania Newbury :
Nazwa wydawcy/dystrybutora Express Publishing,
Data publikacji, dystrybucji/powstania dokumentu 2001.
300 ## - STREFA OPISU FIZYCZNEGO
Objętość 86 pp ;
Rozmiary 28 cm.
650 #9 - HASŁO PRZEDMIOTOWE W FORMIE NAZWY OGÓLNEJ LUB JEDNOSTKOWEJ
Nazwa ogólna lub geograficzna English langugage
Określnik ogólny Examinations, questions, etc.
650 #9 - HASŁO PRZEDMIOTOWE W FORMIE NAZWY OGÓLNEJ LUB JEDNOSTKOWEJ
Nazwa ogólna lub geograficzna English langugage
Określnik ogólny CPE tests
-- Cambridge Proficiency Examination Tests
942 ## - DODATKOWE ELEMENTY (KOHA)
Typ dokumentu Książka
Egzemplarze
Wycofany Status egzemplarza Uszkodzony Dostępność Lokalizacja stała Lokalizacja bieżąca Miejsce przechowywania Sygnatura Kod kreskowy Typ dokumentu
      Dostępny Biblioteka Politechniki Koszalińskiej Biblioteka Politechniki Koszalińskiej Wypożyczalnia Językowa KA 6047 09051737 Książka
© 2023 Biblioteka Politechniki Koszalińskiej :: KOHA